header

Optimisation of disaster forecasting and prevention measures in the context of human and social dynamics (Record no. 160917)

MARC details
000 -LEADER
fixed length control field 01473nam a2200325Ia 4500
082 04 - DEWEY DECIMAL CLASSIFICATION NUMBER
Classification number 363.34525
245 00 - TITLE STATEMENT
Title Optimisation of disaster forecasting and prevention measures in the context of human and social dynamics
260 ## - PUBLICATION, DISTRIBUTION, ETC. (IMPRINT)
Place of publication Amsterdam :
Name of publisher IOS ;
Place of publication Lancaster :
Name of publisher Gazelle (distributor),
Year of publication 2009.
300 ## - PHYSICAL DESCRIPTION
Number of Pages ix, 301 p. :
Other physical details ill., maps.
490 0# - SERIES STATEMENT
Series statement NATO science for peace and secdurity. Series E, Human and societal dynamics,
500 ## - GENERAL NOTE
General note Conference proceedings.
650 #0 - SUBJECT ADDED ENTRY--TOPICAL TERM
Topical Term Hazard mitigation
Topical Term Emergency management
700 1# - ADDED ENTRY--PERSONAL NAME
Personal name Apostol, Ion.
856 40 - ELECTRONIC LOCATION AND ACCESS
Uniform Resource Identifier http://site.ebrary.com/lib/rucke/Doc?id=10309216

No items available.

© 2026 Rongo University
Contact us: librarian | system librarian | Rongo university